| 000 | 01013nam a2200385Ia 4500 | ||
|---|---|---|---|
| 001 | 4713 | ||
| 005 | 20240113233755.0 | ||
| 007 | ta | ||
| 008 | 050614s1998 g b000 u asm u | ||
| 020 | _cRs. 40.00 (HB) | ||
| 040 | _aCotton College,Assam | ||
| 041 | _aasm | ||
| 082 |
_a808 _bBh 469 Tr |
||
| 082 |
_a891.41209 _bBh 469 Tr |
||
| 100 | _aBharali, Sailen . | ||
| 245 | 0 |
_aTragedy Bichar / _cSailen Bharali. _hTextual Documents |
|
| 250 | _a1st ed. / | ||
| 260 |
_aGuwahati : _bChandra Prakash , _c1998. |
||
| 300 |
_a63p. ; _c21cm. |
||
| 365 | _aRs. 40.00 | ||
| 500 | _aThis Book is Replaced By-Monomati-By Rajani Kanta Bordoloi Against Acc no 63567. | ||
| 653 | _aAssamese Drama-Criticism | ||
| 653 | _aMS-Assamese | ||
| 653 | _aPG-Assamese | ||
| 653 | _aG-English | ||
| 942 |
_2ddc _cBK |
||
| 999 |
_c4700 _d4700 |
||